Statistics for Countries sharing islands

Click here to take the quiz!

General Stats

  • This quiz has been taken 48 times
    (2 since last reset)
  • The average score is 14 of 28

Answer Stats

Country% Correct
France
100%
United Kingdom
100%
Argentina
50%
Brunei
50%
Canada
50%
Chile
50%
Cyprus
50%
Denmark
50%
Dominican Republic
50%
East Timor
50%
Finland
50%
Germany
50%
Haiti
50%
India
50%
Indonesia
50%
Ireland
50%
Malaysia
50%
Netherlands
50%
Papua New Guinea
50%
Poland
50%
Russia
50%
Sri Lanka
50%
Sweden
50%
Ukraine
50%
United States
50%
Bahrain
0%
Romania
0%
Saudi Arabia
0%

Score Distribution

Percentile by Number Answered

Percent of People with Each Score

Your Score History

You have not taken this quiz since the last reset